000 00768nam a2200229Ia 4500
001 10670
003 GE_BSU
008 181216s||||||||xx |||||||||||||| ||und||
020 _a9789941918933
040 _cGE_BSU
080 _a37.016(072):003
100 _aღამბაშიძე,ნინო.
245 _aკითხვის სწავლების ტექნიკები და სტრატეგიები.
260 _aთბილისი.
260 _bარტლაინსი.
260 _c2011.
300 _a100გვ;25სმ.
300 _eილ.
541 _h12ლ.
653 _aკითხვის სწავლების ტექნიკები და სტრატეგიები.
942 _cBK
999 _c43921
_d43921